दंश/ (Record no. 8751)

MARC details
000 -LEADER
fixed length control field 01121 a2200241 4500
005 - DATE AND TIME OF LATEST TRANSACTION
control field 20080916143039.0
008 - FIXED-LENGTH DATA ELEMENTS--GENERAL INFORMATION
fixed length control field 080916t xxu||||| |||| 00| 0 hin d
010 ## - LCCN (DPL NO)
LC control number HIN-81612
020 ## - INTERNATIONAL STANDARD BOOK NUMBER
International Standard Book Number 8190215248
Terms of availability 60.00
035 ## - SYSTEM CONTROL NUMBER
System control number HN-53958
037 ## - SOURCE OF ACQUISITION
Source of stock number/acquisition पु.प्र.अ.प्र / प्रका.
082 ## - DEWEY DECIMAL CLASSIFICATION NUMBER
Classification number 821
100 ## - MAIN ENTRY--PERSONAL NAME
Personal name श्रीकान्त प्रसून
245 ## - TITLE STATEMENT
Title दंश/
Statement of responsibility, etc श्रीकान्त प्रसून
246 ## - VARYING FORM OF TITLE
Title proper/short title Dansh
Remainder of title by Shrikant Pranshun
260 ## - PUBLICATION, DISTRIBUTION, ETC. (IMPRINT)
Place of publication, distribution, etc दिल्ली
Name of publisher, distributor, etc प्रवीण प्रकाशन
Date of publication, distribution, etc 2006
270 ## - ADDRESS
Address हाउस नं.568,,डा मुखर्जी नगर
City दिल्ली
Postal code 110009
300 ## - PHYSICAL DESCRIPTION
Extent 80पृ
Dimensions 22 सेमी(सजिल्द)
650 ## - SUBJECT ADDED ENTRY--TOPICAL TERM
Topical term or geographic name as entry element हिन्दी कविताएँ
650 ## - SUBJECT ADDED ENTRY--TOPICAL TERM
Topical term or geographic name as entry element Hindi Poems
942 ## - ADDED ENTRY ELEMENTS (KOHA)
Institution code [OBSOLETE] dpl
Item type Hindi Books
Call number prefix 821 / श्रीकान्त
Source of classification or shelving scheme Dewey Decimal Classification
Classification part 821
Call number suffix श्रीकान्त
Holdings
Withdrawn status Lost status Source of classification or shelving scheme Damaged status Not for loan Home library Current library Date acquired Cost, normal purchase price Total Checkouts Full call number Barcode Date last seen Copy number Cost, replacement price Koha item type
    Dewey Decimal Classification     D.B.Act.Division D.B.Act.Division 16/09/2008 60.00   821 श्रीकान्त HN-53958 15/09/2008 1 60.00 Hindi Books

© Delhi Public Library
Hit Counter
free hit counter